Comercialización y movimiento coyuntural del cacao /
Enregistré dans:
| Auteur principal: | |
|---|---|
| Format: | Texte |
| Tags: |
Ajouter un tag
Pas de tags, Soyez le premier à ajouter un tag!
|
MARC
| LEADER | 00000 a a2200000 04500 | ||
|---|---|---|---|
| 001 | 15713 | ||
| 003 | |||
| 040 | |||
| 100 | |a Quesada Camacho, Juan Rafael | ||
| 245 | |a Comercialización y movimiento coyuntural del cacao / |c Juan Rafael Quesada Camacho | ||
| 773 | |g número 6; páginas 69-110 | ||
| 999 | |c 33625 |d 33625 | ||
